| 000 | 00708nam a2200229 i 4500 | ||
|---|---|---|---|
| 001 | 35301 | ||
| 003 | ES-MaACL | ||
| 005 | 20230906155112.0 | ||
| 007 | t| | ||
| 008 | 030212s1978 fr ||||1| fre d | ||
| 020 | _a2-7073-0212-0 | ||
| 100 | 1 |
_aBollack, Mayotte. _929977 |
|
| 245 | 1 | 3 |
_aLa raison de Lucrèce _b: constitution d'une poétique philosophique avec un essai d'interpétation de la critique lucrétienne / _cMayotte Bollack. |
| 260 |
_aParís : _bMinuit, _c[1978] |
||
| 300 |
_aXLIII, 630 p. ; _c22 cm. |
||
| 490 | 1 | _aLe sens commun | |
| 500 | _aIndice. | ||
| 504 | _aBibliografía. | ||
| 830 | 0 |
_aLe sens commun _9177400 |
|
| 852 |
_aES-MaACL _jL-11562 _bR.113338 |
||
| 999 |
_c35301 _d35301 |
||